| 000 | 00470nam a2200181Ia 4500 | ||
|---|---|---|---|
| 001 | 18434 | ||
| 005 | 20260306171630.0 | ||
| 008 | 260306s9999||||xx |||||||||||||| ||und|| | ||
| 041 | _aESP | ||
| 082 |
_a658.404 _bF96 |
||
| 100 |
_aProject Management Institute _eAUT |
||
| 245 | 0 | _aGuía de los fundamentos para la dirección de proyectos | |
| 260 | _c2008 | ||
| 300 |
_axxvi, 467 páginas : _c30 cm. |
||
| 650 | _aGEN | ||
| 654 | _aCAN | ||
| 942 |
_cLIB _dJUS _fJUS _2ddc _n |
||
| 999 |
_c18434 _d18434 |
||